| 000 | 00558nam a2200193Ia 4500 | ||
|---|---|---|---|
| 999 |
_c3030 _d3030 |
||
| 003 | OSt | ||
| 005 | 20200821142255.0 | ||
| 008 | 190216s9999||||xx |||||||||||||| ||und|| | ||
| 020 | _a9788120314580 | ||
| 040 | _coclc | ||
| 082 |
_a668.9 _bFRI/P |
||
| 100 |
_aFried, Joel R _94281 |
||
| 245 | 0 |
_aPolymer Science And Technology / _cJoel R Fried |
|
| 250 | _a1st Ed. | ||
| 260 |
_bPrentice Hall Of India Pvt Ltd, _c2002. _aNew Delhi: |
||
| 300 | _a509p | ||
| 650 | _aChemistry-Chemistry | ||
| 942 |
_cBK _2ddc _h668.9 _iFRI/P _k668.9 _mFRI/P |
||